000 02007nam a22002777a 4500
001 23871
003 UA-OsUOA
005 20230504161212.0
007 ta
008 20040130b un ||||| |||| 00| 0 ukr d
020 _a966-8474-00-7
040 _aUA-OsUOA
_bukr
_cUA-OsUOA
_dUA-OsUOA
041 _aukr
044 _aUA
080 _a327.5
090 _a327.5
_bП27
100 _aПерепелиця Г.М.
245 _aГенезис конфліктів на посткомуністичному просторі Європи
260 _aКиїв
_bСтилос
_c2003
300 _a256 с.
520 _aУ монографії розкриваються тенденції формування передумов конфлікту, його структури і типології, а також засоби його використання різними політичними силами, суб’єктами й учасниками конфлікту. Першочергове значення при ньому має виявлення та нейтралізація конфліктогенних факторів, що призводять до виникнення конфліктів та посилення міжнародної напруженості. Розробці методології виявлення таких чинників, а також дослідженню тенденцій зародження конфліктів, властивих для посткомуністичного простору Європи, і присвячена ця монографія. Видання може стати корисним для аналітиків, учених, професійних політиків - усіх тих, хто цікавиться проблемами міжнародної безпеки.
650 7 _2UDC
942 _cBK
_2udc
955 _a0
999 _c310131
_d310131